I cantautori e la filosofia da Battiato a Zero /

Gespeichert in:
Bibliographische Detailangaben
1. Verfasser: Porcino, Cristian (Verfasst von)
Weitere Verfasser: Concato, Fabio
Format: Buch
Sprache:Italienisch
Veröffentlicht: Roma : Edizioni Libreria Croce, stampa 2008
Schriftenreihe:Universitas
Tags: Tag hinzufügen
Keine Tags, Fügen Sie das erste Tag hinzu!

MARC

LEADER 00000nam a22000007i 4500
001 IT\ICCU\UM1\0102199
003 ItRI
005 20260115232152.0
008 090210s2008 it |||||| ||||| |||||c
020 |a 9788889337837 
040 |b ita  |c importazione bologna sebina 
041 7 |a ita  |2 ISO-639-2 
100 1 |a Porcino, Cristian  |0 IT\ICCU\UM1V\024508  |4 aut 
245 1 2 |a I cantautori e la filosofia da Battiato a Zero /  |c Cristian Porcino ; con un'intervista a Fabio Concato. 
260 |a Roma :  |b Edizioni Libreria Croce,  |c stampa 2008 
300 |a 92 p. ;  |c 21 cm. 
700 1 |a Concato, Fabio  |0 IT\ICCU\FERV\075014 
790 1 |a Porcino, Cristian Adriano  |3 IT\ICCU\CFIV\285247  |z Porcino, Cristian 
830 0 |a Universitas  |0 IT\ICCU\BVE\0163205 
942 |2 ddc  |c BK  |n 0 
952 |0 0  |1 0  |4 0  |6 DOC_781_630000000000000_POR  |7 0  |9 21320  |a BO  |b BO  |d 2026-01-15  |i 14020  |l 0  |o DOC 781.63 POR  |p BO14020  |r 2026-01-15 23:21:52  |w 2026-01-15  |x [Sebina 5] [1 v.]  |y BK  |z 1 v. 
999 |c 18215  |d 18215